| 000 | 00690nam a2200301Ia 4500 | ||
|---|---|---|---|
| 008 | 161027s9999||||xx |||||||||||||| ||und|| | ||
| 040 | _cSKT | ||
| 082 | _aX.A | ||
| 082 | _bBORI-63687 | ||
| 100 | _aAcharya Narendradeva | ||
| 245 | _aMadhyamakasastram | ||
| 250 | _b1st | ||
| 260 | _aVaranasi | ||
| 260 | _bBauddha Bharati | ||
| 260 | _c1983 | ||
| 300 | _a278pp | ||
| 300 | _cB | ||
| 300 | _ePaperback | ||
| 530 | _u00014180.jpeg | ||
| 563 | _aText | ||
| 600 | _aAcharya Narendradeva | ||
| 630 | _aMadhyamakasastram | ||
| 650 | _aBuddhism | ||
| 650 | _aBuddhism and Jainism | ||
| 700 | _aAcharya Narendradeva | ||
| 730 | _aMadhyamakasastram | ||
| 942 | _cBOOK | ||
| 999 |
_c1402094 _d1402091 |
||